00967nam a2200229 a 450000100100000000500170001000800410002702000180006804000250008608200160011110000280012724500600015526000350021530000300025050000420028070000340032204900090035695201200036595201150048595201200060099900170072000002647820200930030239.0110321s2011 dr c 000 0 spa d a9789945408492 aDO-SdBNPbspacBNPHU axxxxbL736c1 aLópez, Lincoln95354410aCultura viva /cLincoln López; prólogo Randy Ortiz. aSanto Domingo :bArgos,c2011. a215 p. :bretr. ;c23 cm. aIncluye notas al pie de las páginas1 aOrtiz, Randy,epról.953545 aBNPD 0010718DSaGRbGRcCTd2011-03-21iLF1l0oxxxx L736cp26478-30r2020-06-25te. 3w2020-06-25yLFDSZNo se presta 00107-18PDaPDbPDcOId2011-03-21iLF1l0oxxxx L736cp26478-10r2020-06-25w2020-06-25yLFPDZNo se presta 0010718PDaPDbPDcCTd2011-03-21iLF1l0oxxxx L736cp26478-20r2020-06-25te. 2w2020-06-25yLFPDZNo se presta c25970d25970